Govt. of
Madhya Pradesh

Geopolitics of Himalayan Region (Record no. 68611)

MARC details
000 -LEADER
fixed length control field 00335nam a22001097a 4500
082 ## - DEWEY DECIMAL CLASSIFICATION NUMBER
Classification number 327
100 ## - MAIN ENTRY--AUTHOR NAME
Personal name editors Alok Bansal , Aayushi Ketkar
245 ## - TITLE STATEMENT
Title Geopolitics of Himalayan Region
Sub Title Cultural, Political and Strategic Dimensions
260 ## - PUBLICATION, DISTRIBUTION, ETC. (IMPRINT)
Place of publication New Delhi
Name of publisher Pentagon Press
Year of publication 2020
650 ## - SUBJECT ADDED ENTRY--TOPICAL TERM
Topical Term Geopolitics
942 ## - ADDED ENTRY ELEMENTS (KOHA)
Koha item type Books
Holdings
Withdrawn status Lost status Damaged status Not for loan Home library Current library Date acquired Full call number Accession Number Price effective from Koha item type
        MACL MACL 11/02/2026 327/BAN CRE040397 11/02/2026 Books